<The> Future of Banking
Guardado en:
| Autor principal: | |
|---|---|
| Formato: | Libro |
| Lenguaje: | inglés |
| Publicado: |
New Haven
The Twentieth Century Fund Report
1991
|
| Edición: | 1. ed. |
| Materias: | |
| Etiquetas: |
Sin Etiquetas, Sea el primero en etiquetar este registro!
|
MARC
| LEADER | 00000nam a2200000 4500 | ||
|---|---|---|---|
| 001 | c019276 | ||
| 005 | 20221206114612.2 | ||
| 020 | |a 0-300-05058-5 | ||
| 041 | 0 | |a eng | |
| 044 | |a US | ||
| 245 | 1 | 0 | |a <The> Future of Banking |c James L. Pierce |
| 250 | |a 1. ed. | ||
| 264 | 1 | |a New Haven |b The Twentieth Century Fund Report |c 1991 | |
| 300 | |a 163 s. | ||
| 610 | 2 | 0 | |a banky |
| 610 | 2 | 0 | |a bankovníctvo |
| 610 | 2 | 0 | |a obchody bankové |
| 610 | 2 | 0 | |a regulácia |
| 610 | 2 | 0 | |a kontrola banková |
| 610 | 2 | 0 | |a história |
| 610 | 2 | 0 | |a reformy |
| 610 | 2 | 0 | |a efektívnosť |
| 610 | 2 | 0 | |a stabilita meny |
| 610 | 2 | 0 | |a trh finančný |
| 610 | 2 | 0 | |a trh peňažný |
| 610 | 2 | 0 | |a pôžičky |
| 100 | 1 | |a Pierce, James L. | |